| 000 | 00374 a2200145 4500 | ||
|---|---|---|---|
| 999 |
_c4666 _d4666 |
||
| 020 | _a0869226193 | ||
| 050 | _aPL8547 MAK 1999 | ||
| 100 |
_aMakhalisa, Barbara _eauthor |
||
| 245 |
_aUmendo / _cBarbara Makhalisa |
||
| 264 |
_aGweru _bMambo Press _c1999 |
||
| 300 | _a136p. : | ||
| 500 | _aNdebele fiction | ||
| 650 |
_aNdebele fiction _xDrama |
||
| 942 |
_2lcc _cBK _h8547 _iMAK _kPL |
||